01473nam a2200241 i 4500001000700000003000900007005001700016008004100033100003100074245011800105260003600223300002000259490002000279505060100299650004700900650002900947700003200976700002601008830002801034852002501062999001901087952012501106187781ES-MaACL20230906223028.0180221m19691970sp |||| | spa d1 aMaertens, Thierry.918437910aNueva guía de la asamblea cristiana / cThierry Maertens y Jean Frisque ; [traducción de Florentino Pérez]. aMadrid : bMarova, c1969-1970. a8 v. ; c21 cm.1 aChristus Pastor8 aI. Primer domingo de Adviento al primer domingo de Epifanía (329 p.) - II. Primera a octava semanas y segundo a octavo domingos. Tiempo "per anuum" (373 p.) - III. Semana de Ceniza a Domingo de Pascua (327 p.) - IV. Tiempo Pascual, Trinidad, Corpus Christi, Sagrado Corazón (357 p.) - V. 9º a 21º domingo después de Pentecostés (327 p.) - VI. 9ª a 21ª primera semana tiempo "per annum" (325 p.) - VII. Vigésimo segundo al trigésimo cuarto domingo después de Pentecostés (321 p.) - VIII. Vigésimo segunda a trigésimocuarta y última semana. Tiempo "per annum" (297 p.)04aSermones para el año litúrgico.91705604aAño litúrgico.999031 aPérez, Florentino.9905731 aFrisque, Jean.9526870 aChristus Pastor9182711 aES-MaACLjC-55248-55 c187781d187781 00104070aATENEOMbATENEOMcDEPO2d2018-02-21eSCl0oC-55248-55p1198394r2023-02-23 00:00:00w2023-02-23yMONOGRAFIA